[Event "Match"]
[Site "www.echecsemail.com"]
[Date "2016.09.07"]
[Round "1"]
[White "Janerol"]
[Black "Billyg"]
[WhiteElo "1420"]
[BlackElo "1560"]
[Result "0-1"]
[Round "1"]
1.e4 e5
2.Ng1f3 Ng8f6
3.Nf3xe5 Qd8e7
4.d3 Qe7xe5
5.f4 Qe5a5
6.Bc1d2 Qa5b6
7.a4 Qb6xb2
8.Bd2c3 Bf8b4
9.Ra1a3 Bb4xc3
10.Ra3xc3 Qb2b4
11.e5 Nf6d5
12.Qd1d2 Nd5xc3
13.Nb1xc3 O-O
14.Nc3d5 Qb4xd2
15.Kxd2 a5
16.Nd5xc7 Ra8a7
17.d4 Nb8a6
18.Bf1xa6 bxa6
19.Nc7d5 Bc8b7
20.Nd5e7 Kh8
21.Rh1f1 Bb7xg2
22.Rf1g1 Bg2c6
23.Ne7f5 g6
24.Nf5e7 Ra7c7
25.f5 gxf5
26.Ne7xf5 Bc6xa4
27.Rg1a1 Rc7xc2
28.Kd3 Ba4b3
29.Ra1b1 Rc2xh2
30.Rb1xb3 Rh2h3
31.Kc4 Rh3xb3
32.Kxb3 f6
33.Nf5d6 fxe5
{ resign }
0-1

[Event "Match"]
[Site "www.echecsemail.com"]
[Date "2016.09.07"]
[Round "1"]
[White "Sonny1000"]
[Black "Libiesse"]
[WhiteElo "1440"]
[BlackElo "1990"]
[Result "0-1"]
[Round "1"]
1.Ng1f3 d5
2.d4 e6
3.Nf3e5 Nb8d7
4.Nb1c3 Nd7xe5
5.dxe5 c5
6.e4 d4
7.Bf1b5 Bc8d7
8.Bb5c4 Ra8b8
9.h4 dxc3
10.bxc3 b5
11.Bc4e2 Ng8e7
12.Qd1d6 Ne7c6
13.Qd6d1 Bf8e7
14.g3 Qd8a5
15.h5 Qa5xc3
16.Bc1d2 Qc3xe5
17.c3 Qe5xe4
18.Rh1g1 Nc6e5
19.h6 Ne5f3
20.Kf1 Nf3xg1
21.Kxg1 gxh6
22.Bd2xh6 Rh8g8
23.Be2f3 Qe4h4
24.Qd1d2 Qh4f6
25.Qd2d3 Qf6xh6
26.Ra1d1 Rb8d8
27.Qd3e4 Qh6g6
28.Qe4b7 Qg6f6
29.Rd1d3 c4
30.Rd3d4 Be7c5
31.Rd4f4 Rg8xg3
32.Kh2 Qf6xf4
33.fxg3 Qf4d2
34.Bf3g2 Qd2h6
35.Bg2h3 e5
36.Qb7d5 Qh6xh3
{ resign }
0-1

[Event "Match"]
[Site "www.echecsemail.com"]
[Date "2016.09.07"]
[Round "1"]
[White "Sonny1000"]
[Black "Janerol"]
[WhiteElo "1440"]
[BlackElo "1439"]
[Result "0-1"]
[Round "1"]
1.Ng1f3 b6
2.d4 d5
3.Nb1c3 Bc8g4
4.Nf3e5 Bg4f5
5.g4 Bf5e6
6.Bc1g5 f6
7.Bg5f4 fxe5
8.Bf4xe5 Nb8d7
9.h3 h5
10.g5 c5
11.Nc3b5 Nd7xe5
12.dxe5 Qd8d7
13.e3 a6
14.Nb5a3 a5
15.Na3b5 a4
16.Qd1d3 Ra8a5
17.Qd3g6 Kd8
18.Ra1d1 Rh8h6
19.gxh6 Ng8xh6
20.Rh1h2 Ra5xb5
21.Bf1xb5 Qd7xb5
22.Qg6xe6 Qb5xb2
23.Qe6xd5 Ke8
24.Qd5d8 Kf7
25.e6 Kxe6
26.Qd8d5 Kf6
27.Qd5f3 Nh6f5
28.Qf3a8 Kf7
29.Qa8xa4 e6
30.Rh2g2 e5
31.Qa4d7 Nf5e7
32.Qd7a7 Ke6
33.Rg2g5 Qb2xc2
34.Qa7xb6 Kf7
35.Rg5f5 Ne7xf5
36.Qb6c7 Bf8e7
37.Qc7xe5 g6
38.Qe5h8 Be7f6
39.Rd1d7 Nf5e7
40.Qh8h7 Ke8
41.a4 Kxd7
42.Qh7f7 Bf6c3
43.Kf1 Qc2xa4
44.Kg2 Qa4e4
45.Kf1 Qe4h1
46.Ke2 Qh1e1
47.Kf3 Kd6
48.Qf7f4 Ke6
49.Qf4c4 Ke5
50.Qc4xc5 Kf6
51.Kg3 Ne7f5
52.Kg2 Nf5h4
53.Kh2 Qe1xf2
54.Kh1 Qf2g2
{ resign }
0-1

[Event "Match"]
[Site "www.echecsemail.com"]
[Date "2016.09.07"]
[Round "1"]
[White "Guidom"]
[Black "4m6az"]
[WhiteElo "2020"]
[BlackElo "1989"]
[Result "1-0"]
[Round "1"]
1.e4 e5
2.Ng1f3 Ng8f6
3.Nb1c3 Bf8c5
4.Bf1c4 Nf6g4
5.O-O c6
6.Bc4xf7 Kxf7
7.d4 Bc5e7
8.h3 Ng4h6
9.Nf3xe5 Kf8
10.Bc1xh6 d6
11.Qd1f3 Be7f6
12.Ne5g4 Bc8xg4
13.Bh6xg7 Kxg7
14.Qf3xg4 Kf8
15.Ra1d1 Rh8g8
16.Qg4h5 Qd8e7
17.Rf1e1 Rg8g5
18.Qh5f3 Nb8d7
19.Re1e3 c5
20.Nc3d5 Qe7g7
21.Nd5c7 Ke7
22.Nc7xa8 cxd4
23.Re3b3 b6
24.g4 Nd7c5
25.Rb3a3 Kd7
26.Ra3xa7 { resign }
1-0

[Event "Match"]
[Site "www.echecsemail.com"]
[Date "2016.09.07"]
[Round "1"]
[White "Chapi"]
[Black "4m6az"]
[WhiteElo "2120"]
[BlackElo "1809"]
[Result "1-0"]
[Round "1"]
1.d4 d6
2.c4 Bc8f5
3.Nb1c3 a6
4.e4 Bf5d7
5.Ng1f3 g6
6.Bf1e2 e6
7.O-O Bf8h6
8.e5 Bh6xc1
9.Ra1xc1 f6
10.Nc3e4 Bd7c6
11.d5 exd5
12.cxd5 Bc6d7
13.e6 Bd7b5
14.Rf1e1 f5
15.Ne4g5 Qd8f6
16.Ng5f7 Ng8e7
17.Nf7xh8 Qf6xh8
18.Qd1d4 Qh8xd4
19.Nf3xd4 Bb5xe2
20.Re1xe2 Ne7xd5
21.g3 Nd5b4
22.Rc1xc7 b5
23.Rc7xh7 Nb4d3
24.e7 Nd3e5
25.f4 Ne5f7
26.Rh7g7 Nf7h6
27.Rg7xg6 Nh6g4
28.Rg6g8 { resign }
1-0

[Event "Match"]
[Site "www.echecsemail.com"]
[Date "2016.09.07"]
[Round "1"]
[White "Mitja"]
[Black "Mafija132"]
[WhiteElo "1910"]
[BlackElo "1459"]
[Result "1-0"]
[Round "1"]
1.d4 Nb8c6
2.e3 e5
3.dxe5 Nc6xe5
4.Ng1f3 Bf8b4
5.c3 Bb4d6
6.Nf3xe5 Bd6xe5
7.Nb1d2  { time }
1-0

[Event "Eq:Slap Shot Mates-Los Tercios : "]
[Site "www.chess-mail.com"]
[Date "2016.09.07"]
[Round "1"]
[White "Jpmartinez"]
[Black "Stevefillion"]
[WhiteElo "2570"]
[BlackElo "2360"]
[Result "1-0"]
[Round "1"]
1.Ng1f3 d5
2.g3 c6
3.Bf1g2 Bc8g4
4.c4 e6
5.O-O Nb8d7
6.cxd5 exd5
7.Nb1c3 Ng8f6
8.h3 Bg4h5
9.d4 Bf8d6
10.Qd1b3 Qd8b6
11.Nf3d2 O-O
12.Qb3xb6 axb6
13.f4 h6
14.g4 Bh5g6
15.f5 Bg6h7
16.e4 dxe4
17.Nd2xe4 Nf6xe4
18.Nc3xe4 Bd6c7
19.Bc1f4 Bc7xf4
20.Rf1xf4 Rf8d8
21.Ne4d6 Ra8b8
22.a4 Kf8
23.Ra1c1 Bh7g8
24.b4 Ke7
25.Nd6c4 Rb8a8
26.b5 Ra8xa4
27.bxc6 bxc6
28.Bg2xc6 Ra4b4
29.Rf4e4 Kf8
30.Bc6xd7 { resign }
1-0

[Event "Fast Game"]
[Site "www.echecsemail.com"]
[Date "2016.09.07"]
[Round "1"]
[White "Romaamor69"]
[Black "Attatroll"]
[WhiteElo "1939"]
[BlackElo "1850"]
[Result "1-0"]
[Round "1"]
1.c4 d5
2.cxd5 Ng8f6
3.Nb1c3 Nf6xd5
4.g3 Nd5xc3
5.bxc3 Bc8f5
6.Bf1g2 c6
7.Ng1f3 e6
8.O-O Bf8c5
9.Qd1b3 Qd8b6
10.d3 Nb8d7
11.e4 Bf5g6
12.d4 Qb6xb3
13.axb3 Bc5b6
14.Nf3d2 O-O
15.Nd2c4 Bb6c7
16.Bc1a3 Rf8d8
17.Ba3e7 Rd8e8
18.Be7d6 Bc7xd6
19.Nc4xd6 Re8e7
20.Nd6xb7 Nd7e5
21.Nb7a5 Ra8b8
22.dxe5 Rb8b6
23.b4 Kf8
24.Ra1d1 Ke8
25.Rd1d6 f5
26.exf5 exf5
27.Na5xc6 Kf7
28.Nc6xe7 { resign }
1-0

[Event "Tourn. n8949"]
[Site "www.chess-mail.com"]
[Date "2016.09.08"]
[Round "1"]
[White "4m6az"]
[Black "Francesco"]
[WhiteElo "1809"]
[BlackElo "1980"]
[Result "1-0"]
[Round "1"]
1.c4 Ng8f6
2.Nb1c3 g6
3.e3 Bf8g7
4.d4 d5
5.cxd5 Nf6xd5
6.Nc3xd5 Qd8xd5
7.Qd1f3 Qd5xf3
8.Ng1xf3 O-O
9.Bf1c4 Bc8g4
10.Nf3d2 Nb8d7
11.f3 Bg4f5
12.e4 Bf5e6
13.d5 Be6xd5
14.Bc4xd5 c6
15.Bd5b3 Bg7d4
16.Nd2c4 b5
17.Nc4a5 c5
18.Na5c6 Bd4f6
19.e5 Nd7xe5
20.Nc6xe5 Bf6xe5
21.O-O Be5d4
22.Kh1 c4
23.Bb3c2 f5
24.Rf1d1 Bd4b6
25.Bc1g5 e5
26.Rd1d7 a6
27.Bg5h6 Rf8e8
28.Rd7g7 Kh8
29.Ra1d1 Bb6d4
30.b3 c3
31.f4 Bd4e3
32.Rd1d7 Be3xf4
33.Rg7xh7 Kg8
34.Rd7g7 Kf8
35.Rh7h8 
1-0

[Event "Tourn. n8934"]
[Site "www.chess-mail.com"]
[Date "2016.09.08"]
[Round "1"]
[White "Mao"]
[Black "Falcoale"]
[WhiteElo "1680"]
[BlackElo "1520"]
[Result "0-1"]
[Round "1"]
1.e4 c5
2.Ng1f3 Nb8c6
3.d4 cxd4
4.Nf3xd4 Ng8f6
5.Nb1c3 e6
6.Bc1e3 Bf8b4
7.Bf1b5 a6
8.Bb5a4 Bb4xc3
9.bxc3 Nf6xe4
{ resign }
0-1

[Event "Tourn. n8949"]
[Site "www.chess-mail.com"]
[Date "2016.09.08"]
[Round "1"]
[White "Francesco"]
[Black "Bojan"]
[WhiteElo "1980"]
[BlackElo "1860"]
[Result "0-1"]
[Round "1"]
1.d4 d5
2.c4 c6
3.Nb1c3 dxc4
4.e4 b5
5.Ng1f3 h6
6.a4 Bc8b7
7.axb5 cxb5
8.Bf1e2 a6
9.Bc1f4 e6
10.O-O Bf8b4
11.Bf4e5 f6
12.Be5g3 Ng8e7
13.Nf3h4 g5
14.Be2h5 Kf8
15.Qd1f3 Kg7
16.Bg3e5 Rh8f8
17.Be5xb8 Qd8xb8
18.Qf3g4 Bb7c8
19.Nh4f3 f5
20.exf5 exf5
21.Qg4g3 f4
{ resign }
0-1

[Event "Tourn. n8961"]
[Site "www.chess-mail.com"]
[Date "2016.09.08"]
[Round "1"]
[White "Guidom"]
[Black "4m6az"]
[WhiteElo "2010"]
[BlackElo "2080"]
[Result "1-0"]
[Round "1"]
1.e4 c6
2.d4 d5
3.e5 f6
4.Ng1f3 fxe5
5.Nf3xe5 Ng8f6
6.Bc1g5 Nb8d7
7.f4 h6
8.Bf1d3 hxg5
9.Bd3g6 { resign }
1-0

[Event "Tourn. n8860"]
[Site "www.chess-mail.com"]
[Date "2016.09.08"]
[Round "1"]
[White "Redabond"]
[Black "Robinjut"]
[WhiteElo "1610"]
[BlackElo "1540"]
[Result "1-0"]
[Round "1"]
1.d4 d5
2.Bc1f4 e6
3.Nb1c3 a6
4.e3 Nb8c6
5.Qd1g4 Ng8f6
6.Qg4f3 h6
7.Qf3g3 Nf6h5
8.Qg3f3 Nh5xf4
9.Qf3xf4 Bf8d6
10.Qf4g4 e5
11.Qg4xg7 Kd7
12.O-O-O e4
13.Nc3xd5 Rh8f8
14.Qg7xh6 Nc6e7
15.Nd5f6 Kc6
16.d5 Kb6
17.Nf6xe4 Rf8h8
18.Qh6g7 Rh8h4
19.Ne4xd6 cxd6
20.Qg7xf7 Bc8d7
21.Ng1f3 Rh4g4
22.Rd1d3 Ka7
23.h3 Rg4b4
24.h4 Ra8c8
25.h5 Bd7f5
26.Rd3c3 Rc8xc3
27.bxc3 Rb4a4
28.Nf3d4 Ra4xa2
29.h6 Ra2a1
30.Kd2 Ra1a2
31.Nd4xf5 Ne7xd5
32.Qf7xd5 Qd8b6
33.Qd5xa2 { resign }
1-0

[Event "Tourn. n8935"]
[Site "www.chess-mail.com"]
[Date "2016.09.08"]
[Round "1"]
[White "Ejner"]
[Black "Pimpampum"]
[WhiteElo "2450"]
[BlackElo "2240"]
[Result "1-0"]
[Round "1"]
1.d4 Ng8f6
2.c4 e6
3.Nb1c3 Bf8b4
4.Bc1g5 d5
5.cxd5 exd5
6.e3 O-O
7.Bf1d3 c5
8.Ng1e2 Bc8g4
9.f3 Bg4h5
10.O-O Rf8e8
11.Ne2f4 Bh5g6
12.Nc3xd5 h6
13.Bg5xf6 gxf6
14.Nd5xb4 cxb4
15.Bd3xg6 fxg6
16.Qd1d3 f5
17.Nf4xg6 Qd8g5
18.Ng6e5 { resign }
1-0

[Event "Tourn. n8891"]
[Site "www.chess-mail.com"]
[Date "2016.09.08"]
[Round "1"]
[White "Janerol"]
[Black "Osmundw"]
[WhiteElo "999"]
[BlackElo "1390"]
[Result "0-1"]
[Round "1"]
1.e4 d5
2.f3 Ng8f6
3.e5 Nf6d7
4.f4 f6
5.e6 Nd7c5
6.f5 b6
7.b4 Nc5e4
8.d3 Ne4g5
9.h4 Ng5xe6
10.fxe6 Bc8xe6
11.Qd1e2 h5
12.Qe2xe6 c6
13.Qe6f5 g6
14.Qf5xg6 Kd7
15.g3 e6
16.Qg6f7 Kc8
17.Qf7xe6 Nb8d7
18.Qe6xc6 Kb8
19.Bc1f4 Nd7e5
20.Bf4xe5 fxe5
21.Bf1g2 Rh8h6
22.Bg2xd5 Rh6xc6
23.Bd5xc6 Bf8xb4
24.c3 e4
25.cxb4 exd3
26.Bc6xa8 Kxa8
27.Rh1h2 Qd8e7
28.Kd2 Qe7xb4
29.Kd1 Qb4g4
30.Kd2 Qg4xg3
31.Rh2h1 Qg3g7
32.a4 Qg7xa1
33.Ng1f3 Qa1xa4
34.Nb1c3 Qa4c6
35.Kxd3 b5
36.Nf3e5 Qc6xh1
37.Nc3xb5 Qh1h3
{ resign }
0-1

[Event "Match"]
[Site "www.echecsemail.com"]
[Date "2016.09.08"]
[Round "1"]
[White "Janerol"]
[Black "Gambitmiau"]
[WhiteElo "1529"]
[BlackElo "1860"]
[Result "0-1"]
[Round "1"]
1.e4 Nb8c6
2.Bf1b5 Nc6d4
3.Bb5c4 e6
4.c3 Nd4c6
5.Bc4b5 Nc6e5
6.d3 c6
7.Bb5a4 c5
8.Bc1f4 Qd8f6
9.Bf4xe5 Qf6xe5
10.Ng1f3 Qe5f4
11.O-O e5
12.c4 Bf8e7
13.g3 Qf4f6
14.Nb1c3 Qf6d6
15.Nc3b5 Qd6b6
16.Nf3xe5 Ng8f6
17.g4 O-O
18.g5 Nf6e8
19.f4 a6
20.Nb5c3 Qb6xb2
{ resign }
0-1

[Event "Match"]
[Site "www.echecsemail.com"]
[Date "2016.09.08"]
[Round "1"]
[White "Al3x"]
[Black "Tomcapp"]
[WhiteElo "1499"]
[BlackElo "1560"]
[Result "1-0"]
[Round "1"]
1.d4 d5
2.c4 dxc4
3.Ng1f3 e6
4.g3 Bf8b4
5.Bc1d2 Bb4xd2
6.Nb1xd2 Ng8f6
7.Nd2xc4 O-O
8.Bf1g2 Nb8c6
9.O-O Nf6e4
10.Qd1d3 Ne4f6
11.Nf3e5 Nc6xe5
12.Nc4xe5 Qd8d6
13.Rf1c1 c5
14.Rc1xc5 Rf8d8
15.Ra1c1 Bc8d7
16.Ne5xd7 Nf6xd7
17.Rc5c7 e5
18.dxe5  { time }
1-0

[Event "Match"]
[Site "www.echecsemail.com"]
[Date "2016.09.08"]
[Round "1"]
[White "Calponas"]
[Black "Pimpampum"]
[WhiteElo "2030"]
[BlackElo "2190"]
[Result "0-1"]
[Round "1"]
1.d4 Ng8f6
2.c4 c5
3.d5 g6
4.Nb1c3 d6
5.h3 Bf8g7
6.Ng1f3 e6
7.e4 exd5
8.exd5 O-O
9.Bf1e2 Bc8f5
10.O-O Nb8d7
11.Bc1f4 Nd7b6
12.Rf1e1 Nf6e4
13.Nc3xe4 Bf5xe4
14.b3 Qd8f6
15.Qd1d2 Qf6c3
16.Bf4xd6 Rf8c8
17.Ra1c1 Qc3b2
18.Qd2f4 Be4f5
19.g4 Bf5d7
20.Nf3e5 Bd7e8
21.Ne5d3 Qb2xa2
22.Nd3xc5 Nb6d7
23.Nc5xb7 Qa2xb3
24.Rc1b1 Qb3xh3
25.g5 h6
26.Bd6e7 Bg7e5
27.Be2g4 Qh3c3
28.Qf4e4 Rc8xc4
29.Qe4e2 Be5f4
30.gxh6 Nd7e5
31.h7 Kxh7
32.f3 Ne5xg4
33.fxg4 Qc3d4
34.Qe2f2 Be8d7
35.Nb7a5 Rc4a4
36.Na5c6 Qd4xf2
37.Kxf2 Bd7xc6
38.Re1h1 Kg7
39.dxc6 Ra8c8
40.g5 Bf4e5
41.Rb1b5 Be5d4
42.Kf3 Rc8xc6
43.Rb5d5 Rc6e6
44.Rd5xd4 Ra4a3
45.Kf4 Re6xe7
46.Rh1c1 Ra3a5
47.Rc1g1 Ra5f5
48.Kg4 Re7e5
49.Kh4 a5
50.Rd4a4 f6
51.gxf6 Kxf6
52.Rg1g2 Rf5h5
53.Kg3 Rh5g5
54.Kf2 Rg5xg2
55.Kxg2 Kf5
56.Kg3 g5
57.Kf3 Ke6
58.Kg3 Kd6
59.Kg4 Kc6
{ resign }
0-1

[Event "Match"]
[Site "www.echecsemail.com"]
[Date "2016.09.08"]
[Round "1"]
[White "4m6az"]
[Black "Cal"]
[WhiteElo "1809"]
[BlackElo "1680"]
[Result "1-0"]
[Round "1"]
1.g3 d5
2.d4 h6
3.Nb1c3 Ng8f6
4.Bc1f4 Nb8c6
5.Nc3b5 e5
6.dxe5 Nf6e4
7.e6 fxe6
8.Nb5xc7 Ke7
9.Nc7xa8 g5
10.Bf4c7 Qd8d7
11.Bf1g2 b6
12.Bg2xe4 Bf8g7
13.Be4g6 Bc8b7
14.Na8xb6 axb6
15.Bc7xb6 Bg7xb2
16.Ra1b1 Bb2c3
17.Kf1 Nc6e5
18.Bb6c5 Kf6
19.Bg6h5 d4
20.Ng1f3 Ne5c4
21.Rh1g1 Bb7c6
22.Nf3xd4 Nc4e5
23.Nd4xc6 Qd7xc6
24.Bc5d4 Bc3xd4
25.Qd1xd4 Qc6xc2
26.Rb1d1 Qc2xa2
27.f4 gxf4
28.gxf4 Qa2a5
29.fxe5 Qa5xe5
30.Qd4xe5 Kxe5
31.Rg1g6 Rh8h7
32.Rd1b1 Kd6
33.Rb1b6 Ke5
34.Rg6xe6 Kf5
35.Bh5g6 Kg5
36.Rb6b5 Kf4
37.Re6e4 
1-0

[Event "Match"]
[Site "www.echecsemail.com"]
[Date "2016.09.08"]
[Round "1"]
[White "Pinehill"]
[Black "Darknight"]
[WhiteElo "2050"]
[BlackElo "1690"]
[Result "1-0"]
[Round "1"]
1.e4 e5
2.d4 exd4
3.Bf1c4 Qd8e7
4.Qd1xd4 Nb8c6
5.Qd4e3 Nc6e5
6.Bc4b3 h6
7.Ng1f3 d6
8.Nb1c3 c6
9.O-O Bc8g4
10.Nf3xe5 Qe7xe5
11.f4 Qe5e7
12.h3 Bg4d7
13.Bc1d2 g6
14.Ra1e1 Kd8
15.Qe3f3 a6
16.f5 gxf5
17.exf5 Qe7f6
18.Kh1 Kc7
19.Nc3e4 Qf6xb2
20.Bd2c3 Qb2a3
21.Bc3xh8 d5
22.Bh8e5 Kd8
23.Ne4f6 Ng8xf6
24.Be5xf6 Kc8
25.Qf3h5 Qa3d6
26.Qh5xf7 Kb8
27.Bf6e5 Kc7
28.Qf7f6 Bf8e7
29.Be5xd6 Be7xd6
30.Qf6xh6 c5
31.Bb3xd5 a5
32.Qh6h7 a4
33.Bd5e6 Ra8d8
34.Re1d1 b6
35.Be6xd7 Rd8xd7
36.Qh7xd7 Kxd7
37.f6 { resign }
1-0

[Event "Match"]
[Site "www.echecsemail.com"]
[Date "2016.09.08"]
[Round "1"]
[White "Yorli"]
[Black "Zeksky"]
[WhiteElo "1499"]
[BlackElo "1499"]
[Result "0-1"]
[Round "1"]
1.d4 d5
2.c4 g6
3.Ng1f3 Nb8c6
4.Nb1c3 dxc4
5.e4 Bc8g4
6.Bf1xc4 Bf8g7
7.h3 Bg4xf3
8.Qd1xf3 e6
9.d5 Nc6e5
10.Qf3e2 Ne5xc4
11.Qe2xc4 Bg7xc3
12.bxc3 exd5
13.Qc4d4 Qd8f6
14.e5 Qf6e6
15.O-O O-O-O
16.a4 Ng8e7
17.Bc1f4 Ne7c6
18.Qd4c5 b6
19.Qc5b5 Nc6xe5
20.a5 Ne5c6
21.c4 dxc4
22.axb6 cxb6
23.Rf1e1 Qe6d7
24.Qb5a6 Qd7b7
25.Qa6xc4 Rh8f8
26.Bf4g5 Rd8e8
27.Qc4c3 Kb8
28.Bg5f4 Ka8
 { time }
0-1

[Event "Match"]
[Site "www.echecsemail.com"]
[Date "2016.09.08"]
[Round "1"]
[White "Zeksky"]
[Black "Billyg"]
[WhiteElo "1499"]
[BlackElo "1580"]
[Result "1-0"]
[Round "1"]
1.e4 e5
2.Ng1f3 f6
3.Bf1c4 Ng8e7
4.c3 d6
5.d4 a6
6.a3 b5
7.Bc4a2 f5
8.Qd1b3 fxe4
9.Qb3f7 Kd7
10.Ba2e6 Kc6
11.Nf3g5 Nb8d7
12.d5 Kb7
13.Ng5xe4 Nd7f6
14.Ne4xf6 Bc8xe6
15.dxe6 gxf6
16.Qf7h5 Ne7g8
17.Qh5f3 Kb8
18.Nb1d2 Qd8e7
19.Qf3h3 Ng8h6
20.Nd2f3 e4
21.Nf3d4 Qe7e8
22.Bc1xh6 c5
23.Bh6xf8 Qe8xf8
24.Nd4f5 Ka7
25.e7 Qf8f7
26.O-O Ra8g8
27.Nf5h6 Qf7xe7
28.Nh6xg8 Rh8xg8
29.Rf1e1 d5
30.Ra1d1 Rg8g7
31.Rd1xd5 Qe7b7
32.Re1d1 Kb6
33.Rd5d7 Rg7xd7
34.Qh3xd7 Qb7xd7
35.Rd1xd7 Kc6
36.Rd7xh7 a5
37.Rh7h6 b4
38.cxb4 c4
39.bxa5 Kb5
40.Rh6h5 Ka6
41.Rh5c5 f5
42.Rc5xf5 Kb7
43.Rf5f6 Ka7
44.h4 { resign }
1-0

[Event "1/128 Finale"]
[Site "www.chess-mail.com"]
[Date "2016.09.08"]
[Round "1"]
[White "Emmanuel69"]
[Black "Awfen"]
[WhiteElo "1840"]
[BlackElo "1960"]
[Result "0-1"]
[Round "1"]
1.c4 e5
2.Nb1c3 Nb8c6
3.d3 Ng8f6
4.g3 Bf8e7
5.Bf1g2 O-O
6.Ng1f3 Be7b4
7.Bc1d2 Bb4c5
8.O-O a6
9.h3 d6
10.Rf1e1 Rf8e8
11.e4 Ra8b8
12.Bd2e3 Nc6d4
13.Be3xd4 exd4
14.Nc3e2 Bc5b4
15.Re1f1 c5
16.a3 Bb4a5
17.Ra1b1 Ba5c7
18.Ne2f4 b5
19.b3 Bc8d7
20.Rf1e1 bxc4
21.bxc4 Bc7a5
22.Re1e2 Bd7c6
23.Re2b2 Rb8xb2
24.Rb1xb2 Ba5c3
25.Rb2b1 Qd8d7
26.Nf4e2 Bc6a4
27.Qd1c1 Bc3a5
28.Rb1b2 Qd7c7
29.Qc1b1 Ba4c6
30.Kf1 Nf6d7
31.Kg1 h6
32.Nf3d2 Nd7e5
33.Nd2b3 Ba5b6
34.Ne2f4 a5
35.Nf4d5 Bc6xd5
36.cxd5 Qc7a7
37.Nb3c1 Re8b8
38.Bg2f1 a4
39.Bf1e2 Ne5d7
40.Rb2b5 Bb6c7
41.Rb5xb8 Bc7xb8
42.Qb1b5 Kf8
43.Be2d1 Nd7b6
44.Kg2 Bb8c7
45.Bd1c2 Ke7
46.Nc1e2 Qa7a8
47.Ne2f4 g6
48.Nf4e2 f5
49.Ne2f4 fxe4
50.dxe4 Kf6
51.f3 c4
52.Nf4e6 Qa8a7
53.Ne6xc7 Qa7xc7
54.Bc2xa4 Nb6xa4
55.Qb5xa4 d3
56.Qa4e8 d2
57.Qe8f8 Qc7f7
58.Qf8h8 Ke7
59.Qh8a1 c3
60.Qa1d1 Qf7f6
61.Kf2 Qf6d4
62.Ke2 Qd4c4
63.Ke3 c2
{ resign }
0-1

[Event "1/128 Finale"]
[Site "www.chess-mail.com"]
[Date "2016.09.08"]
[Round "1"]
[White "Attatroll"]
[Black "Picifarkinca"]
[WhiteElo "1890"]
[BlackElo "1990"]
[Result "1/2-1/2"]
[Round "1"]
1.e4 c6
2.Ng1f3 d5
3.exd5 cxd5
4.Nf3e5 Ng8f6
5.d4 Nb8c6
6.Bf1b5 Qd8c7
7.c3 e6
8.O-O Bc8d7
9.Bb5xc6 bxc6
10.Bc1f4 Bf8d6
11.Nb1d2 O-O
12.Nd2f3 Ra8b8
13.Qd1e2 Nf6e4
14.a3 f6
15.Ne5xd7 Qc7xd7
16.Bf4xd6 Qd7xd6
17.Rf1e1 Rf8e8
18.Nf3d2 Ne4xd2
19.Qe2xd2 e5
20.dxe5 fxe5
21.Ra1b1 e4
22.Qd2g5 Qd6f6
23.Qg5xf6 gxf6
24.f3 f5
25.fxe4 Re8xe4
26.Kf2 Kf7
27.Kf3 Rb8xb2
28.Rb1xb2 Re4xe1
29.Rb2b7 Re1e7
30.Rb7b8 Kg6
31.Rb8g8 Kf7
32.Rg8h8 { draw }
1/2-1/2

[Event "Eq:Slap Shot Mates-Los Tercios : "]
[Site "www.chess-mail.com"]
[Date "2016.09.08"]
[Round "1"]
[White "Stevefillion"]
[Black "Jpmartinez"]
[WhiteElo "2360"]
[BlackElo "2570"]
[Result "0-1"]
[Round "1"]
1.e4 Ng8f6
2.e5 Nf6d5
3.d4 d6
4.c4 Nd5b6
5.exd6 cxd6
6.Nb1c3 g6
7.Bc1e3 Bf8g7
8.Ra1c1 O-O
9.b3 e5
10.dxe5 dxe5
11.Qd1xd8 Rf8xd8
12.c5 Nb6d7
13.Ng1f3 Nb8c6
14.Bf1c4 Nc6a5
15.Bc4e2 b6
16.cxb6 Nd7xb6
17.O-O Bc8b7
18.Rf1d1 Na5c6
19.Nc3b5 Nb6d5
20.Rd1xd5 Rd8xd5
21.Nb5c7 Rd5d8
22.Nc7xa8 Bb7xa8
23.Be2b5 e4
24.Nf3g5 Nc6e5
25.Be3xa7 h6
26.Ng5h3 g5
27.Kf1 Ba8d5
28.Rc1c2 Bd5e6
29.Bb5e2 Ne5d3
30.Ba7b6 Rd8a8
31.f3 Nd3b4
32.Rc2d2 Nb4d5
33.Bb6c5 e3
34.Rd2d1 Ra8xa2
35.Nh3g1 Bg7c3
{ resign }
0-1

[Event "Eq:Creusers-Slap Shot Mates : "]
[Site "www.chess-mail.com"]
[Date "2016.09.08"]
[Round "1"]
[White "Ison"]
[Black "Geodad5"]
[WhiteElo "1780"]
[BlackElo "2130"]
[Result "1-0"]
[Round "1"]
1.e4 e5
2.Ng1f3 d6
3.d4 exd4
4.Nf3xd4 Bf8e7
5.Nb1c3 Ng8f6
6.Bf1e2 O-O
7.O-O Bc8e6
8.Bc1f4 Nb8d7
9.Rf1e1 Nd7e5
10.Bf4xe5 dxe5
11.Nd4xe6 fxe6
12.Be2c4 Kh8
13.Bc4xe6 c6
14.Qd1xd8 Ra8xd8
15.Ra1d1 Be7b4
16.f3 Bb4xc3
17.bxc3 b6
18.Rd1d3 Rd8xd3
19.cxd3 Rf8d8
20.Re1d1 c5
21.Kf2 g6
22.Ke2 Kg7
23.a4 Nf6e8
24.c4 Kf6
25.Be6d5 g5
26.h3 h5
27.Rd1a1 a5
28.Kf2 Ne8g7
29.g3 Rd8d6
30.Ra1g1 Ng7e6
31.Bd5xe6 Rd6xe6
32.h4 Re6d6
33.Ke3 Kg6
34.hxg5 Kxg5
35.f4 exf4
36.gxf4 Kh6
37.e5 Rd6e6
38.Ke4 h4
39.f5 Re6e8
40.f6 Kh5
41.f7 Re8f8
42.e6 h3
43.e7 { resign }
1-0

[Event "Tourn. n8828"]
[Site "www.chess-mail.com"]
[Date "2016.09.09"]
[Round "1"]
[White "Julian"]
[Black "Emiondi"]
[WhiteElo "2060"]
[BlackElo "2170"]
[Result "1-0"]
[Round "1"]
1.e4 e5
2.Ng1f3 Ng8f6
3.d4 exd4
4.e5 Nf6e4
5.Bf1d3 Ne4c5
6.O-O Nb8c6
7.c3 Nc5xd3
8.Qd1xd3 d6
9.exd6 Bf8xd6
10.cxd4 O-O
11.Nb1c3 h6
12.Bc1e3 Bc8g4
13.Nf3e5 Bg4c8
14.Ne5xc6 bxc6
15.Rf1e1 Rf8e8
16.Nc3e4 Bc8f5
17.f3 Bf5xe4
18.fxe4 c5
19.Ra1d1 cxd4
20.Be3xd4 Bd6e5
21.Bd4xe5 Qd8xd3
22.Rd1xd3 Re8xe5
23.Rd3d7 Re5b5
24.Re1e2 Rb5c5
25.e5 a5
26.e6 fxe6
27.Re2xe6 Ra8f8
28.h3 Rc5c2
29.Re6g6 Rf8f2
30.Rg6xg7 Kf8
31.Rd7xc7 Rc2xb2
32.Rc7a7 Rb2xa2
33.Rg7g6 Rf2f5
34.Rg6xh6 Kg8
35.Rh6g6 Kf8
36.Rg6h6 Kg8
37.Rh6c6 Rf5f8
38.h4 a4
39.h5 Ra2a1
40.Kh2 a3
41.h6 a2
42.Rc6c7 Rf8e8
43.Rc7g7 Kh8
44.Rg7h7 Kg8
45.Ra7g7 { resign }
1-0

[Event "Tourn. n8893"]
[Site "www.chess-mail.com"]
[Date "2016.09.09"]
[Round "1"]
[White "Ejner"]
[Black "Frisker"]
[WhiteElo "2440"]
[BlackElo "2260"]
[Result "1-0"]
[Round "1"]
1.c4 Ng8f6
2.Ng1f3 g6
3.Nb1c3 c5
4.e4 d6
5.d4 cxd4
6.Nf3xd4 Bf8g7
7.Bf1e2 O-O
8.O-O Nb8c6
9.Bc1e3 Bc8e6
10.Nd4xe6 fxe6
11.f4 Qd8a5
12.a3 Ra8c8
13.b4 Qa5c7
14.Qd1b3 Kh8
15.Ra1c1 Qc7b8
16.c5 dxc5
17.Qb3xe6 cxb4
18.axb4 Nc6xb4
19.e5 Nf6g8
20.Nc3e4 Rc8c6
21.Rc1xc6 Nb4xc6
22.Ne4g5 Nc6d8
23.Qe6a2 h6
24.Ng5e6 { resign }
1-0

[Event "Tourn. n8949"]
[Site "www.chess-mail.com"]
[Date "2016.09.09"]
[Round "1"]
[White "Bojan"]
[Black "Mitja"]
[WhiteElo "1860"]
[BlackElo "1900"]
[Result "1/2-1/2"]
[Round "1"]
1.d4 d5
2.c4 dxc4
3.e4 e6
4.Bf1xc4 c6
5.Ng1f3 h6
6.a3 Nb8d7
7.b4 b5
8.Bc4b3 Nd7b6
9.Bc1f4 Ng8f6
10.Nb1d2 Bc8b7
11.Bf4e3 Bf8e7
12.h3 Qd8c7
13.Ra1c1 Qc7d7
14.Nf3e5 Qd7d6
15.Nd2f3 Nf6xe4
16.Qd1c2 Ne4f6
17.Ne5d3 O-O
18.Nd3c5 Ra8b8
19.Qc2d3 Rf8d8
20.Rc1d1 Nb6d5
21.Nc5xb7 Rb8xb7
22.Be3d2 a6
23.g3 Rb7b8
24.Nf3e5 Nf6d7
25.Ne5xd7 Qd6xd7
26.Bb3c2 Nd5f6
27.Bd2c3 Qd7d5
28.O-O Kf8
29.Rf1e1 Qd5h5
30.h4 g5
31.hxg5 hxg5
32.Bc3d2 Kg7
33.Kg2 Rd8h8
34.Re1h1 Qh5g6
35.Qd3xg6 fxg6
36.Bd2xg5 Rb8e8
37.Rh1xh8 Re8xh8
38.Bc2b3 Kf7
39.Rd1e1 Nf6d5
40.Bg5d2 Be7f6
41.Re1e4 Rh8d8
42.g4 g5
43.Bd2c1 Rd8e8
44.Bc1b2 Nd5f4
45.Kg3 Nf4d5
46.f3 Re8d8
{ draw }
1/2-1/2

[Event "Tourn. n8856"]
[Site "www.chess-mail.com"]
[Date "2016.09.09"]
[Round "1"]
[White "Seger"]
[Black "Oroden"]
[WhiteElo "2710"]
[BlackElo "2269"]
[Result "1-0"]
[Round "1"]
1.d4 Ng8f6
2.c4 e6
3.Ng1f3 b6
4.g3 Bc8a6
5.Qd1a4 Ba6b7
6.Bf1g2 c5
7.O-O cxd4
8.Nf3xd4 Bb7xg2
9.Kxg2 Qd8c7
10.f3 a6
11.Rf1d1 Bf8e7
12.Nd4b5 Qc7c6
13.Nb5d6 Be7xd6
14.Qa4xc6 Nb8xc6
15.Rd1xd6 Ke7
16.Rd6d1 d5
17.Bc1e3 Ra8b8
18.Nb1d2 d4
19.Be3g1 e5
20.f4 exf4
21.gxf4  { time }
1-0

[Event "Tourn. n8909"]
[Site "www.chess-mail.com"]
[Date "2016.09.09"]
[Round "1"]
[White "Gimmyg"]
[Black "Frisker"]
[WhiteElo "2520"]
[BlackElo "2280"]
[Result "1-0"]
[Round "1"]
1.Ng1f3 d5
2.g3 Ng8f6
3.Bf1g2 g6
4.O-O Bf8g7
5.d3 O-O
6.Nb1d2 Nb8c6
7.c3 e5
8.e4 Bc8g4
9.h3 Bg4xf3
10.Bg2xf3 d4
11.Nd2b3 Nf6d7
12.Bc1d2 h6
13.Bf3g2 Kh7
14.cxd4 exd4
15.f4 a5
16.e5 a4
17.Bg2xc6 bxc6
18.Nb3a5 Ra8a6
19.Qd1c2 Nd7b8
20.Qc2xa4 Qd8d5
21.b4 f6
22.exf6 Rf8xf6
23.Qa4b3 Qd5h5
24.Kg2 Nb8d7
25.Ra1e1 Ra6a8
26.g4 Qh5b5
27.Re1e7 Rf6d6
28.f5 g5
29.a4 Qb5d5
30.Qb3xd5 Rd6xd5
31.f6 { resign }
1-0